000 00188 a2200097 4500
001 17697
100 _aGue R L
245 _a
260 _a
_bArco Publishing Co
_c
090 _c13072
_d13072
942 _aNUST-CAE
_cM
_c3417
999 _c252770
_d252770